25 najlepszych piłkarzy bundesligi w FC 26 - Statystyki

Ogólne statystyki
  • Ten quiz został rozwiązany 29 razy
  • Średni wynik to 16 z 25
Statystyki odpowiedzi
numer overall klub reprezentacja piłkarz % Poprawnych
2 89 bayern monachium anglia kane
100%
3 88 bayern monachium niemcy musiala
96%
16 84 bayern monacium niemcy neuer
92%
4 87 BVB gwinea guirassy
88%
7 86 BVB szwajcaria kobel
88%
6 86 bayern monachium francja olise
88%
9 85 bayern monachium kolumbia diaz
83%
1 89 bayern monachium niemcy kimmich
79%
13 84 bayern monacium kanada davies
75%
11 85 bayern monachium francja upamecano
75%
14 84 bayer leverkusen hiszpania grimaldo
71%
17 84 RB lepzk węgry orban
71%
22 82 bayern monacium niemcy goretzka
67%
8 85 RB leipzk węry gulasci
67%
12 85 bayer leverkusen czechy schick
67%
5 87 bayern monachium niemcy tah
63%
10 85 BVB niemcy schlotterbeck
58%
15 84 bayer leverkusen argentyna palacios
54%
20 83 BVB niemcy brandt
50%
18 83 bayer leverkusen hiszpania garcia
46%
19 83 hoffenheim niemcy baumann
42%
25 82 bayer leverkusen USA tillman
33%
23 82 BVB niemcy nmecha
29%
21 83 sttutgart niemcy stiller
29%
24 82 BVB niemcy can
21%
Nie znaleziono quizów pasujących do podanych kryteriów
Rozkład punktacji
Procent ludzi z każdym wynikiem
Percentyl według liczby udzielonych odpowiedzi
Twoja historia wyników
Nie rozwiązałeś tego quizu